Learning Resource and Development

Standardization and risk governance : (Record no. 30255)

MARC details
000 -LEADER
fixed length control field 04500cam a2200433 i 4500
001 - CONTROL NUMBER
control field 21111260
003 - CONTROL NUMBER IDENTIFIER
control field CSPC
005 - DATE AND TIME OF LATEST TRANSACTION
control field 20250902172310.0
008 - FIXED-LENGTH DATA ELEMENTS--GENERAL INFORMATION
fixed length control field 190720s2020 enk b 001 0 eng c
010 ## - LIBRARY OF CONGRESS CONTROL NUMBER
LC control number 2019029736
020 ## - INTERNATIONAL STANDARD BOOK NUMBER
International Standard Book Number 9780367259730
Qualifying information (hardback)
035 ## - SYSTEM CONTROL NUMBER
System control number 21111260
040 ## - CATALOGING SOURCE
Original cataloging agency LBSOR/DLC
Language of cataloging eng
Transcribing agency DLC
Description conventions rda
Modifying agency DLC
-- CSPC
042 ## - AUTHENTICATION CODE
Authentication code pcc
050 00 - LIBRARY OF CONGRESS CALL NUMBER
Classification number HD61
Item number .S725 2020
082 00 - DEWEY DECIMAL CLASSIFICATION NUMBER
Classification number 363.3462
Item number St244
Edition number 23
245 00 - TITLE STATEMENT
Title Standardization and risk governance :
Remainder of title a multi-disciplinary approach /
Statement of responsibility, etc. edited by Odd Einar Olsen, [and 3 others].
264 #1 - PRODUCTION, PUBLICATION, DISTRIBUTION, MANUFACTURE, AND COPYRIGHT NOTICE
Place of production, publication, distribution, manufacture Abingdon, Oxon ;
-- New York, NY :
Name of producer, publisher, distributor, manufacturer Routledge,
Date of production, publication, distribution, manufacture, or copyright notice 2020.
300 ## - PHYSICAL DESCRIPTION
Extent xv, 290 pages ;
Dimensions 25 cm.
336 ## - CONTENT TYPE
Content type term text
Content type code txt
Source rdacontent
337 ## - MEDIA TYPE
Media type term unmediated
Media type code n
Source rdamedia
338 ## - CARRIER TYPE
Carrier type term volume
Carrier type code nc
Source rdacarrier
490 0# - SERIES STATEMENT
Series statement Routledge new security studies
504 ## - BIBLIOGRAPHY, ETC. NOTE
Bibliography, etc. note Includes bibliographical references and index.
505 0# - FORMATTED CONTENTS NOTE
Formatted contents note Part I. Introduction -- The standardization of risk governance -- Standardization of risk versus the risk of standardization: a conceptual analysis -- Part II. Standardization of risk management -- Towards a standardization of EU disaster risk management? -- Standardization of disaster risk management: challenges and opportunities -- Explosive remnants in Swedish society: standardization to visualize a complex risk picture -- Which crisis? The promise of standardized risk ranking in the field of EU infectious disease control -- Standardization and flexibility in surgical operations: a question of balancing risk -- Part III. Impact of standardization processes -- Pre-crime and standardization of security risks -- Standardization of terrorism risk analysis: a means or an obstacle to achieving security? -- Standardization of cybersecurity for critical infrastructures: the role of sensemaking and translation -- Standardization and risk mapping: strengths and weaknesses -- Part IV. Standardization of risk in business activity -- Standardization, risk dispersion, and trading -- UN guiding principles on business and human rights -- The role of standards in hard and soft approaches to safety regulation -- Consensus and conflicts: tripartite model and standardization in the Norwegian petroleum industry -- Dilemmas of standardization in risk governance.
520 ## - SUMMARY, ETC.
Summary, etc. "This multi-disciplinary book conceptualises, maps and analyses ongoing standardisation processes of risk issues across various sectors, processes and practices. Standards are not only technical specifications and guidelines to support efficient risk governance, but also contain social, political, economic and organizational aspects. This book presents a variety of standardization processes and applications of standards that may influence our judgements of risk, the organizing of risk governance, and accordingly our ways of behaviour. Standardization and standards can impact risk governance in different ways. The most important lessons drawn from the present volume can be summarized under three areas: (a) how standardization might impact on power relations and interests; (b) how standardization may change flexibility in decision-making, communication, and cooperation; and (c) how standardization could (re)direct attention and risk perception. The volume's purpose is to present an analysis of standardisation processes and how it impacts on our thinking about risk, how we organise risk governance and how standardisation may influence on risk management. In so doing, it contributes to a more informed discourse regarding the use of standards and standardisation in contemporary risk management. This book will be of much interest to students of risk, standardisation, global governance and critical security studies"--
Assigning source Provided by publisher.
650 #0 - SUBJECT ADDED ENTRY--TOPICAL TERM
Topical term or geographic name entry element Risk management
General subdivision Standards.
650 #0 - SUBJECT ADDED ENTRY--TOPICAL TERM
Topical term or geographic name entry element Risk assessment
General subdivision Standards.
650 #0 - SUBJECT ADDED ENTRY--TOPICAL TERM
Topical term or geographic name entry element Standardization
General subdivision Social aspects.
700 1# - ADDED ENTRY--PERSONAL NAME
Personal name Olsen, Odd Einar,
Dates associated with a name 1954-
Relator term editor.
700 1# - ADDED ENTRY--PERSONAL NAME
Personal name Juhl, Kirsten,
Relator term editor.
700 1# - ADDED ENTRY--PERSONAL NAME
Personal name Lindøe, Preben Hempel,
Relator term editor.
700 1# - ADDED ENTRY--PERSONAL NAME
Personal name Engen, Ole Andreas,
Relator term editor.
776 08 - ADDITIONAL PHYSICAL FORM ENTRY
Relationship information Online version:
Title Standardization and risk governance.
Place, publisher, and date of publication Abingdon, Oxon ; New York, NY : Routledge, 2020.
International Standard Book Number 9780429290817
Record control number (DLC) 2019029737
906 ## - LOCAL DATA ELEMENT F, LDF (RLIN)
a 7
b cbc
c orignew
d 1
e ecip
f 20
g y-gencatlg
942 ## - ADDED ENTRY ELEMENTS (KOHA)
Source of classification or shelving scheme Dewey Decimal Classification
Koha item type Books
Edition 23
Classification part 363.3462
Item part St244
Call number prefix GRD
Call number suffix 2020
Suppress in OPAC No
Holdings
Withdrawn status Lost status Source of classification or shelving scheme Damaged status Not for loan Home library Current library Shelving location Date acquired Total Checkouts Full call number Barcode Date last seen Copy number Price effective from Koha item type
    Dewey Decimal Classification     Main Library Main Library Graduate School Library 09/02/2025   GRD 363.3462 St244 2020 030068 09/02/2025 1-1 09/02/2025 Books